[Event "Europa ch 2012 femenino"]
[Site "Gaziantep TUR"]
[Date "2012.03.02"]
[Round "1.6"]
[White "Kosintseva, Tatiana"]
[Black "Bulmaga, Irina"]
[Result "1-0"]
[PlyCount "85"]
[EventDate "2012.03.02"]
[EventType "swiss"]
[EventRounds "11"]
[EventCountry "TUR"]
[Source "lmi"]
[SourceDate "2012.03.02"]
[WhiteElo "2513"]
[BlackElo "2307"]

1. e4 c5 2. Nf3 d6 3. d4 cxd4 4. Nxd4 Nf6 5. Nc3 a6 6. Be3 e5 7. Nf3 Be7 8. Bc4
O-O 9. O-O Nc6 10. Re1 Be6 11. Bb3 Na5 12. Bg5 Nxb3 13. axb3 Nd7 14. Bxe7 Qxe7
15. Nd2 Nf6 16. Nf1 Rac8 17. Ne3 g6 18. Qd2 Kg7 19. f3 h5 20. Qf2 Qc7 21. Qh4
Qe7 22. Qf2 h4 23. Qxh4 Rh8 24. Qf2 Rh7 25. Rad1 Rch8 26. Nf1 Nh5 27. Ne2 Rc8
28. Ne3 Rch8 29. Rd2 Nf6 30. h3 Nh5 31. Nd5 Qg5 32. f4 exf4 33. Nexf4 Bxd5 34.
Nxh5+ Rxh5 35. Rxd5 Qe7 36. Qd4+ Re5 37. Rxd6 Rhh5 38. Rf1 Kh6 39. Rd7 Qc5 40.
Rfxf7 b5 41. Rh7+ Kg5 42. Qxc5 Rxc5 43. Rxh5+ 1-0

[Event "Europa ch 2012 femenino"]
[Site "Gaziantep TUR"]
[Date "2012.03.02"]
[Round "1.8"]
[White "Gunina, Valentina"]
[Black "Borosova, Zuzana"]
[Result "1-0"]
[PlyCount "97"]
[EventDate "2012.03.02"]
[EventType "swiss"]
[EventRounds "11"]
[EventCountry "TUR"]
[Source "lmi"]
[SourceDate "2012.03.02"]
[WhiteElo "2511"]
[BlackElo "2302"]

1. d4 d5 2. c4 c6 3. Nf3 Nf6 4. Nc3 e6 5. Bg5 h6 6. Bxf6 Qxf6 7. e3 g6 8. Be2
Bg7 9. O-O O-O 10. Re1 Nd7 11. e4 dxe4 12. Nxe4 Qf4 13. Bf1 c5 14. g3 Qc7 15.
d5 exd5 16. cxd5 Bxb2 17. Rb1 Bg7 18. d6 Qd8 19. Qd5 Nb6 20. Qxc5 Bf5 21. Nh4
Bd7 22. Bb5 Be6 23. Qa3 Nd7 24. Bxd7 Qxd7 25. Qf3 g5 26. Ng2 Kh8 27. h4 Bxa2
28. Rbd1 f5 29. Nc5 Qc6 30. Qxc6 bxc6 31. hxg5 hxg5 32. d7 Bc3 33. Re3 Bf6 34.
Rd6 Bd5 35. Re8 Raxe8 36. dxe8=Q Rxe8 37. Rxf6 Kg7 38. Rxf5 Kg6 39. g4 Re2 40.
Nd3 Rd2 41. Ne5+ Kh6 42. Ne3 a5 43. Nxc6 Bxc6 44. Rf6+ Kh7 45. Rxc6 a4 46. Ra6
Ra2 47. Nc4 Ra1+ 48. Kg2 Kg7 49. Kf3 1-0

[Event "Europa ch 2012 femenino"]
[Site "Gaziantep TUR"]
[Date "2012.03.02"]
[Round "1.9"]
[White "Videnova, Iva"]
[Black "Cmilyte, Viktorija"]
[Result "0-1"]
[PlyCount "100"]
[EventDate "2012.03.02"]
[EventType "swiss"]
[EventRounds "11"]
[EventCountry "TUR"]
[Source "lmi"]
[SourceDate "2012.03.02"]
[WhiteElo "2301"]
[BlackElo "2497"]

1. e4 Nf6 2. e5 Nd5 3. d4 d6 4. c4 Nb6 5. f4 dxe5 6. fxe5 Nc6 7. Be3 Bf5 8. Nc3
e6 9. Nf3 Be7 10. d5 exd5 11. cxd5 Nb4 12. Nd4 Bd7 13. e6 fxe6 14. dxe6 Bc6 15.
Nxc6 Qxd1+ 16. Rxd1 Nc2+ 17. Kd2 Nxe3 18. Kxe3 bxc6 19. Be2 O-O 20. Rhf1 Bg5+
21. Ke4 Bf6 22. Bg4 Rab8 23. Kd3 Rfd8+ 24. Kc2 Rxd1 25. Nxd1 Nd5 26. Rf3 Rb4
27. Rb3 Rc4+ 28. Kb1 Kf8 29. h3 Bg5 30. a3 a5 31. Rf3+ Nf6 32. Nc3 g6 33. Rf1
Ke7 34. Be2 Rd4 35. Bf3 Bd2 36. Kc2 Bxc3 37. bxc3 Rd6 38. Re1 Nd5 39. c4 Nf4
40. Re5 Rxe6 41. Rxa5 Nxg2 42. Kd2 Nh4 43. Bg4 Rd6+ 44. Ke3 h5 45. Bc8 Rd8 46.
Bb7 Nf5+ 47. Kf4 Kf6 48. Bxc6 Rd3 49. Ra6 g5+ 50. Ke4 Re3+ 0-1

[Event "Europa ch 2012 femenino"]
[Site "Gaziantep TUR"]
[Date "2012.03.02"]
[Round "1.12"]
[White "Danielian, Elina"]
[Black "Drljevic, Ljilja"]
[Result "1-0"]
[PlyCount "155"]
[EventDate "2012.03.02"]
[EventType "swiss"]
[EventRounds "11"]
[EventCountry "TUR"]
[Source "lmi"]
[SourceDate "2012.03.02"]
[WhiteElo "2478"]
[BlackElo "2278"]

1. d4 d5 2. Nf3 Nf6 3. e3 e6 4. c4 b6 5. Nc3 Be7 6. Qa4+ c6 7. Ne5 Bb7 8. cxd5
exd5 9. Bd3 O-O 10. O-O c5 11. dxc5 Bxc5 12. Rd1 Qe7 13. Nf3 Ne4 14. Qc2 Nd7
15. Bd2 Rac8 16. Be1 f5 17. Qe2 Ne5 18. Nxe5 Qxe5 19. Ba6 Bxa6 20. Qxa6 Rcd8
21. Qd3 Nf6 22. Ne2 Ng4 23. g3 f4 24. Nxf4 Qxb2 25. Qb3 Qxb3 26. axb3 d4 27.
Ne6 Rde8 28. Nxd4 a5 29. h3 Nf6 30. Kg2 g5 31. g4 h5 32. gxh5 Nxh5 33. Nb5 Nf6
34. Nc7 Re5 35. Ra4 Rf7 36. Rd8+ Kh7 37. Rc8 Ne4 38. Re8 Be7 39. Rc4 Nd6 40.
Bc3 Nxc4 41. bxc4 Re4 42. Rh8+ Kg6 43. Rg8+ Kh7 44. Rh8+ Kg6 45. Rg8+ Kh6 46.
Bd4 Bc5 47. f3 Rxd4 48. exd4 Bxd4 49. Nb5 Bc5 50. Nc3 Bd4 51. Nb5 Bc5 52. Nc3
Re7 53. Rd8 Re1 54. Ne4 Be3 55. Rd3 Kg6 56. Rb3 Kf5 57. Nc3 Rg1+ 58. Kh2 Rc1
59. Ne2 Bf4+ 60. Kg2 Rxc4 61. Rxb6 Be3 62. Ra6 a4 63. Ng3+ Ke5 64. Ne4 Bf4 65.
Ra5+ Kd4 66. Nxg5 Rc2+ 67. Kf1 Ke3 68. Ne6 Kxf3 69. Nd4+ Kg3 70. Nxc2 Kxh3 71.
Rxa4 Kg3 72. Nd4 Bc7 73. Ke2 Bb6 74. Nf5+ Kg2 75. Rg4+ Kh3 76. Kf3 Bd8 77. Rg8
Bf6 78. Rg6 1-0

[Event "Europa ch 2012 femenino"]
[Site "Gaziantep TUR"]
[Date "2012.03.02"]
[Round "1.13"]
[White "Rakic, Marija"]
[Black "Skripchenko, Almira"]
[Result "1/2-1/2"]
[PlyCount "123"]
[EventDate "2012.03.02"]
[EventType "swiss"]
[EventRounds "11"]
[EventCountry "TUR"]
[Source "lmi"]
[SourceDate "2012.03.02"]
[WhiteElo "2270"]
[BlackElo "2468"]

1. d4 Nf6 2. c4 g6 3. Nc3 Bg7 4. e4 d6 5. h3 O-O 6. Be3 c5 7. d5 b5 8. cxb5 a6
9. bxa6 Qa5 10. Qd2 Nbd7 11. Nf3 Bxa6 12. Bxa6 Qxa6 13. Bh6 Bxh6 14. Qxh6 Rfb8
15. Rb1 Rb4 16. Qe3 Re8 17. a3 Rb6 18. Qe2 e6 19. Qxa6 Rxa6 20. O-O exd5 21.
Nxd5 Rxe4 22. Nc3 Re8 23. b4 Rc8 24. Nb5 Rb8 25. bxc5 dxc5 26. Rb2 Rxa3 27.
Nxa3 Rxb2 28. Nc4 Rc2 29. Nd6 h6 30. Rd1 Kf8 31. g4 Re2 32. Kf1 Re7 33. Nc8 Re6
34. g5 hxg5 35. Nd6 Re7 36. Nxg5 Ne5 37. f4 Nc6 38. Rc1 Nd7 39. Ndxf7 Rxf7 40.
Nxf7 Kxf7 41. Ke2 Kf6 42. Kd3 Kf5 43. Rf1 Nd4 44. Kc4 Ne6 45. Re1 Kf6 46. Rd1
Nb6+ 47. Kb5 Nc8 48. h4 Ne7 49. h5 gxh5 50. Rh1 Kg6 51. Rg1+ Kf5 52. Rh1 Kg4
53. Rg1+ Kxf4 54. Rh1 Kg4 55. Rg1+ Kf5 56. Rh1 Ke4 57. Rh4+ Ke5 58. Rxh5+ Nf5
59. Kc4 Ke4 60. Kc3 Neg7 61. Kc4 Nxh5 62. Kxc5 1/2-1/2

[Event "Europa ch 2012 femenino"]
[Site "Gaziantep TUR"]
[Date "2012.03.02"]
[Round "1.14"]
[White "Paehtz, Elisabeth"]
[Black "Chelushkina, Irina"]
[Result "1-0"]
[PlyCount "83"]
[EventDate "2012.03.02"]
[EventType "swiss"]
[EventRounds "11"]
[EventCountry "TUR"]
[Source "lmi"]
[SourceDate "2012.03.02"]
[WhiteElo "2459"]
[BlackElo "2263"]

1. e4 e6 2. d4 d5 3. Nc3 Nf6 4. e5 Nfd7 5. f4 c5 6. Nce2 Nc6 7. Nf3 Nb6 8. c3
Bd7 9. g3 Qc7 10. Bg2 O-O-O 11. O-O Kb8 12. Kh1 f5 13. exf6 gxf6 14. b3 cxd4
15. Nexd4 Re8 16. Be3 Nd8 17. Ne2 Bb5 18. a4 Ba6 19. Nfd4 Bc5 20. b4 Bxe2 21.
Qxe2 Bxd4 22. Bxd4 Nd7 23. Qf2 Nc6 24. Be3 Nb6 25. f5 exf5 26. a5 Nc4 27. Bf4
N6e5 28. Bxd5 Nc6 29. Bg2 N6e5 30. Bd5 Nd6 31. a6 b6 32. Qc2 Rd8 33. Bg2 h5 34.
h4 Qc4 35. Rfe1 Rhe8 36. Qd1 Ne4 37. Qxh5 Nf2+ 38. Kg1 Nfd3 39. Qxf5 Nxe1 40.
Rxe1 Qc7 41. Qxf6 Rd6 42. Rxe5 1-0

[Event "Europa ch 2012 femenino"]
[Site "Gaziantep TUR"]
[Date "2012.03.02"]
[Round "1.15"]
[White "Sandu, Mihaela"]
[Black "Mkrtchian, Lilit"]
[Result "0-1"]
[PlyCount "88"]
[EventDate "2012.03.02"]
[EventType "swiss"]
[EventRounds "11"]
[EventCountry "TUR"]
[Source "lmi"]
[SourceDate "2012.03.02"]
[WhiteElo "2253"]
[BlackElo "2458"]

1. e4 c5 2. Nf3 e6 3. d4 cxd4 4. Nxd4 Nc6 5. Nxc6 bxc6 6. Bd3 d5 7. Qe2 Nf6 8.
e5 Nd7 9. O-O Nc5 10. Nd2 a5 11. Nf3 Be7 12. Be3 a4 13. Bxc5 Bxc5 14. c3 Be7
15. Nd4 Bd7 16. Rad1 g6 17. f4 Qb6 18. Kh1 c5 19. Nf3 c4 20. Bb1 a3 21. bxa3
Rxa3 22. Rc1 Bc5 23. Ng5 h6 24. Nh3 Kd8 25. f5 gxf5 26. Qh5 Be8 27. Nf4 Qb7 28.
Qh4+ Qe7 29. Qe1 Bc6 30. Qd2 Kc8 31. Rf3 Qc7 32. Re1 d4 33. Rh3 dxc3 34. Qe2
Bb4 35. Qd2 Bc5 36. Qe2 Bb4 37. Rd1 Rg8 38. Rxh6 Ra5 39. Qh5 Rxe5 40. Rh8 Rxh8
41. Qxh8+ Kb7 42. Bc2 Ka7 43. h4 Bc5 44. Qd8 Re1+ 0-1

[Event "Europa ch 2012 femenino"]
[Site "Gaziantep TUR"]
[Date "2012.03.02"]
[Round "1.19"]
[White "Foisor, Mihaela-Veronica"]
[Black "Javakhishvili, Lela"]
[Result "1/2-1/2"]
[PlyCount "109"]
[EventDate "2012.03.02"]
[EventType "swiss"]
[EventRounds "11"]
[EventCountry "TUR"]
[Source "lmi"]
[SourceDate "2012.03.02"]
[WhiteElo "2242"]
[BlackElo "2448"]

1. d4 g6 2. c4 Bg7 3. Nc3 c5 4. Nf3 cxd4 5. Nxd4 Nc6 6. e3 Nf6 7. Be2 O-O 8.
O-O d6 9. b3 Nxd4 10. exd4 d5 11. c5 b6 12. cxb6 axb6 13. Bf4 Ne4 14. Nb5 Ba6
15. a4 Rc8 16. f3 Bxb5 17. Bxb5 Nd6 18. Bxd6 Qxd6 19. Qd2 Rc7 20. Ra2 e5 21.
dxe5 Bxe5 22. f4 Bc3 23. Qd1 Rd8 24. f5 Be5 25. g3 Rc3 26. Rd2 Kg7 27. Bc4 Qc5+
28. Kg2 dxc4 29. Rxd8 cxb3 30. fxg6 hxg6 31. Qd5 Rc2+ 32. Kh3 Bf6 33. Rd7 Qxd5
34. Rxd5 b2 35. Rb5 Rc1 36. Rxf6 b1=Q 37. Rxb1 Rxb1 38. Rc6 f5 39. Kg2 Rb3 40.
Kf2 Kh6 41. h4 Rb4 42. Kf3 Kh5 43. Rd6 g5 44. hxg5 Kxg5 45. Rc6 Rb3+ 46. Kf2 f4
47. gxf4+ Kxf4 48. Rc4+ Ke5 49. Ke2 Kd5 50. Rh4 Kc5 51. Kd2 Rb4 52. Rh5+ Kc4
53. a5 bxa5 54. Rxa5 Rb5 55. Rxb5 1/2-1/2

[Event "Europa ch 2012 femenino"]
[Site "Gaziantep TUR"]
[Date "2012.03.02"]
[Round "1.20"]
[White "Khurtsidze, Nino"]
[Black "Hairapetian, Anna"]
[Result "1-0"]
[PlyCount "139"]
[EventDate "2012.03.02"]
[EventType "swiss"]
[EventRounds "11"]
[EventCountry "TUR"]
[Source "lmi"]
[SourceDate "2012.03.02"]
[WhiteElo "2447"]
[BlackElo "2227"]

1. Nf3 Nf6 2. e3 g6 3. b4 Bg7 4. Bb2 d6 5. c4 e5 6. d3 O-O 7. Be2 Nc6 8. b5 Ne7
9. Nc3 Bg4 10. O-O h6 11. a4 Qd7 12. d4 exd4 13. Nxd4 Bxe2 14. Qxe2 Rfe8 15.
Rfd1 Nf5 16. Nb3 Qe6 17. Na5 Rab8 18. Rac1 Ne4 19. Nd5 Bxb2 20. Qxb2 c6 21. Nb4
Nh4 22. f3 Nc5 23. e4 Nxa4 24. Qf2 g5 25. bxc6 bxc6 26. Naxc6 Rb7 27. Qd4 Rc8
28. Ra1 a5 29. Nd5 Rxc6 30. Rxa4 Rc5 31. Nf6+ Kf8 32. Ng4 Ke7 33. e5 Rxe5 34.
Nxe5 Qxe5 35. Qxe5+ dxe5 36. Rd2 Rb1+ 37. Kf2 Rc1 38. Rxa5 Rxc4 39. Rxe5+ Kf6
40. Re4 Rc1 41. Ra4 Rc6 42. Rda2 Kg7 43. Ra6 Rc3 44. R6a3 Rc6 45. Re3 Rb6 46.
g3 Nf5 47. Re4 Rb3 48. Rea4 Rc3 49. R4a3 Rc1 50. Kg2 Rb1 51. Rd3 Rb4 52. Ra5
Kg6 53. Ra6+ Kg7 54. Kh3 h5 55. Ra2 Kg6 56. Re2 g4+ 57. fxg4 hxg4+ 58. Kg2 Rb5
59. Rd8 Nh6 60. Rd6+ f6 61. Ree6 Rf5 62. Rd7 Nf7 63. Re8 Nh6 64. Ree7 Ra5 65.
Rg7+ Kf5 66. Rd2 Ra4 67. Rf2+ Ke6 68. Rh7 Nf5 69. Re2+ Kd5 70. Rh5 1-0

[Event "Europa ch 2012 femenino"]
[Site "Gaziantep TUR"]
[Date "2012.03.02"]
[Round "1.21"]
[White "Makropoulou, Marina"]
[Black "Hoang Thanh Trang"]
[Result "0-1"]
[PlyCount "86"]
[EventDate "2012.03.02"]
[EventType "swiss"]
[EventRounds "11"]
[EventCountry "TUR"]
[Source "lmi"]
[SourceDate "2012.03.02"]
[WhiteElo "2224"]
[BlackElo "2438"]

1. e4 e6 2. d4 d5 3. Nc3 Bb4 4. e5 c5 5. Bd2 Ne7 6. Nb5 Bxd2+ 7. Qxd2 O-O 8. c3
Nbc6 9. f4 a6 10. Nd6 cxd4 11. cxd4 f6 12. Nf3 Ng6 13. Bd3 Nxf4 14. Qxf4 fxe5
15. Qh4 Qxh4+ 16. Nxh4 e4 17. Nxe4 dxe4 18. Bxe4 Nxd4 19. O-O-O e5 20. Nf3 Bg4
21. Bxb7 Rac8+ 22. Bxc8 Rxc8+ 23. Kd2 Nxf3+ 24. gxf3 Bxf3 25. Rc1 Rd8+ 26. Ke3
Bxh1 27. Rxh1 Rc8 28. Rd1 Rc2 29. Rd2 Rxd2 30. Kxd2 Kf7 31. Ke3 Ke6 32. Ke4 g5
33. b4 h5 34. a4 g4 35. a5 Kd6 36. Kf5 Kd5 37. Kg5 e4 38. Kf4 Kc4 39. Kxe4 Kxb4
40. Kf4 Kxa5 41. Kg5 Kb4 42. Kxh5 a5 43. Kxg4 a4 0-1

[Event "Europa ch 2012 femenino"]
[Site "Gaziantep TUR"]
[Date "2012.03.02"]
[Round "1.22"]
[White "Batsiashvili, Nino"]
[Black "Umudova, Nargiz"]
[Result "1-0"]
[PlyCount "97"]
[EventDate "2012.03.02"]
[EventType "swiss"]
[EventRounds "11"]
[EventCountry "TUR"]
[Source "lmi"]
[SourceDate "2012.03.02"]
[WhiteElo "2438"]
[BlackElo "2220"]

1. d4 Nf6 2. c4 c5 3. d5 b5 4. Qc2 bxc4 5. e4 d6 6. Bxc4 g6 7. Nf3 Bg7 8. O-O
O-O 9. h3 Ba6 10. Na3 Nfd7 11. Rb1 Nb6 12. b3 Nxc4 13. bxc4 Nd7 14. Bd2 e6 15.
Qa4 Qc8 16. Rfe1 Nb6 17. Qc2 Qd7 18. Ba5 Rab8 19. Re3 Rb7 20. Reb3 Rfb8 21. Bc3
Bxc3 22. Qxc3 Qa4 23. Nd2 e5 24. Nc2 Nc8 25. R1b2 Rxb3 26. axb3 Qd7 27. Ra2 Rb6
28. b4 cxb4 29. Nxb4 Qb7 30. Nd3 Qc7 31. c5 Bxd3 32. Qxd3 dxc5 33. Nc4 Rf6 34.
Qc3 Nd6 35. Qxe5 Qd8 36. Ne3 Nb5 37. Ng4 Rb6 38. Nh6+ Kf8 39. Qh8+ Ke7 40. Qg7
Qe8 41. e5 a6 42. d6+ Ke6 43. Rc2 Kd5 44. Ng8 Kc6 45. Ne7+ Kb7 46. Rxc5 a5 47.
Qf6 a4 48. Qf3+ Ka7 49. Rc8 1-0

[Event "Europa ch 2012 femenino"]
[Site "Gaziantep TUR"]
[Date "2012.03.02"]
[Round "1.23"]
[White "Seps, Monika"]
[Black "Zhukova, Natalia"]
[Result "1/2-1/2"]
[PlyCount "70"]
[EventDate "2012.03.02"]
[EventType "swiss"]
[EventRounds "11"]
[EventCountry "TUR"]
[Source "lmi"]
[SourceDate "2012.03.02"]
[WhiteElo "2208"]
[BlackElo "2435"]

1. e4 e6 2. Nf3 d5 3. e5 c5 4. b4 cxb4 5. a3 Nc6 6. d4 Bd7 7. axb4 Bxb4+ 8. c3
Be7 9. Bd3 a6 10. O-O Rc8 11. Nfd2 Nh6 12. Nb3 Nf5 13. Ba3 Bxa3 14. Rxa3 Rc7
15. Qe2 Qe7 16. Qf3 Na7 17. Bxf5 Nb5 18. Ra2 exf5 19. Nc5 O-O 20. Qxd5 Be6 21.
Nxe6 Qxe6 22. Qxe6 fxe6 23. Rb2 Rfc8 24. g3 Rc4 25. Rd1 R8c7 26. Rd3 Kf8 27. h4
Ke8 28. Kf1 Kd7 29. Rb3 Kc8 30. Ke2 Kb8 31. Ke3 Rc8 32. Ke2 R8c6 33. Ke3 Rc8
34. Ke2 R8c6 35. Ke3 Rc8 1/2-1/2

[Event "Europa ch 2012 femenino"]
[Site "Gaziantep TUR"]
[Date "2012.03.02"]
[Round "1.24"]
[White "Romanko, Marina"]
[Black "Isgandarova, Khayala"]
[Result "1/2-1/2"]
[PlyCount "84"]
[EventDate "2012.03.02"]
[EventType "swiss"]
[EventRounds "11"]
[EventCountry "TUR"]
[Source "lmi"]
[SourceDate "2012.03.02"]
[WhiteElo "2417"]
[BlackElo "2203"]

1. d4 Nf6 2. c4 g6 3. Nf3 Bg7 4. g3 d6 5. Bg2 O-O 6. O-O Nc6 7. Nc3 a6 8. e3
Rb8 9. Qe2 Bf5 10. d5 Ne5 11. Nxe5 dxe5 12. h3 Ne8 13. b3 Bd7 14. e4 b5 15. Nd1
bxc4 16. bxc4 Nd6 17. a4 f5 18. f3 fxe4 19. fxe4 Rxf1+ 20. Qxf1 Rb4 21. c5 Nc4
22. Ne3 Bxa4 23. Qe1 Qb8 24. Kh2 Nxe3 25. Qxe3 Rd4 26. c6 Qf8 27. Ra2 Bb5 28.
Rf2 Qe8 29. Bb2 Rd3 30. Qg5 e6 31. dxe6 Qxe6 32. Bf1 h6 33. Qc1 Rd6 34. Bxb5
axb5 35. Rc2 Qf7 36. Rd2 Rf6 37. Kg2 Qb3 38. Bxe5 Qf3+ 39. Kh2 Rf7 40. Bxg7
Kxg7 41. Qb2+ Kh7 42. Qxb5 Qxe4 1/2-1/2

[Event "Europa ch 2012 femenino"]
[Site "Gaziantep TUR"]
[Date "2012.03.02"]
[Round "1.25"]
[White "Bezgodova, Maria"]
[Black "Gaponenko, Inna"]
[Result "0-1"]
[PlyCount "70"]
[EventDate "2012.03.02"]
[EventType "swiss"]
[EventRounds "11"]
[EventCountry "TUR"]
[Source "lmi"]
[SourceDate "2012.03.02"]
[WhiteElo "2200"]
[BlackElo "2416"]

1. e4 Nf6 2. e5 Nd5 3. d4 d6 4. c4 Nb6 5. exd6 cxd6 6. b3 g6 7. Bb2 Bg7 8. Nc3
O-O 9. g3 Nc6 10. d5 Ne5 11. Be2 a5 12. a3 a4 13. f4 Ned7 14. b4 Nf6 15. Nf3
Bg4 16. O-O Rc8 17. Nxa4 Nxc4 18. Bd4 b5 19. Nc3 Qd7 20. a4 bxa4 21. Nxa4 Qb7
22. Nc3 Nxd5 23. Bxg7 Nde3 24. Qd4 Nf5 25. Qd5 Qxd5 26. Nxd5 Kxg7 27. b5 e6 28.
Nb4 Nd2 29. b6 Nxf1 30. Kxf1 Rb8 31. Ra6 Rfc8 32. Kf2 Ne7 33. Bb5 Bxf3 34. Kxf3
Rc3+ 35. Bd3 Rb3 0-1

[Event "Europa ch 2012 femenino"]
[Site "Gaziantep TUR"]
[Date "2012.03.02"]
[Round "1.26"]
[White "Repkova, Eva"]
[Black "Shaydullina, Sandugach"]
[Result "1-0"]
[PlyCount "95"]
[EventDate "2012.03.02"]
[EventType "swiss"]
[EventRounds "11"]
[EventCountry "TUR"]
[Source "lmi"]
[SourceDate "2012.03.02"]
[WhiteElo "2416"]
[BlackElo "2197"]

1. e4 c5 2. b3 Nc6 3. Bb2 e5 4. Bb5 Nd4 5. Bc4 Nf6 6. c3 Ne6 7. Nf3 Nxe4 8. O-O
d6 9. d4 exd4 10. cxd4 d5 11. Re1 Be7 12. Bd3 O-O 13. Nbd2 f5 14. Rc1 Bf6 15.
Nf1 cxd4 16. Ng3 g6 17. Ne2 Qb6 18. Ba3 Rd8 19. b4 Nc3 20. Qd2 Ne4 21. Qb2 Bd7
22. Qb3 Be8 23. Bb2 g5 24. h3 Bg6 25. Rcd1 Kg7 26. Nfxd4 Nxd4 27. Nxd4 Re8 28.
Bb5 Re5 29. a4 a6 30. a5 Qa7 31. Ba4 g4 32. Qc2 Rf8 33. Bd7 g3 34. f3 Nd6 35.
Rxe5 Bxe5 36. Kh1 Rf7 37. Ne6+ Kg8 38. Bxe5 Nc4 39. Bd4 Qb8 40. Nc5 Re7 41.
Be6+ Bf7 42. Qxf5 Bxe6 43. Qg5+ Kf8 44. Nxe6+ Rxe6 45. Qg7+ Ke8 46. Qg8+ Kd7
47. Qxb8 Nd6 48. Bc5 1-0

[Event "Europa ch 2012 femenino"]
[Site "Gaziantep TUR"]
[Date "2012.03.02"]
[Round "1.27"]
[White "Kharmunova, Nadejda"]
[Black "Bodnaruk, Anastasia"]
[Result "1-0"]
[PlyCount "83"]
[EventDate "2012.03.02"]
[EventType "swiss"]
[EventRounds "11"]
[EventCountry "TUR"]
[Source "lmi"]
[SourceDate "2012.03.02"]
[WhiteElo "2191"]
[BlackElo "2412"]

1. d4 Nf6 2. c4 g6 3. Nc3 Bg7 4. Nf3 O-O 5. g3 d6 6. Bg2 Nc6 7. O-O a6 8. b3
Rb8 9. Bb2 b5 10. cxb5 axb5 11. Rc1 b4 12. Na4 Na7 13. d5 Bd7 14. e4 c6 15. Re1
Qa5 16. dxc6 Nxc6 17. e5 dxe5 18. Nxe5 Nxe5 19. Bxe5 Rbc8 20. Rxc8 Bxc8 21. Qc1
Be6 22. Bc7 Qb5 23. Qc5 Qd7 24. Ba5 Qd2 25. Bxb4 Qxa2 26. Qxe7 Qxb3 27. Nc3 Re8
28. Qb7 Ng4 29. Ne4 Bd4 30. h3 Nf6 31. Nxf6+ Bxf6 32. Bd5 Qc2 33. Rxe6 Qd1+ 34.
Kh2 fxe6 35. Qd7 Rd8 36. Qxe6+ Kg7 37. Qf7+ Kh6 38. Qxf6 Qxd5 39. Bf8+ Rxf8 40.
Qxf8+ Kh5 41. g4+ Kg5 42. f4+ 1-0

[Event "Europa ch 2012 femenino"]
[Site "Gaziantep TUR"]
[Date "2012.03.02"]
[Round "1.28"]
[White "Girya, Olga"]
[Black "Olsarova, Karolina"]
[Result "1-0"]
[PlyCount "77"]
[EventDate "2012.03.02"]
[EventType "swiss"]
[EventRounds "11"]
[EventCountry "TUR"]
[Source "lmi"]
[SourceDate "2012.03.02"]
[WhiteElo "2406"]
[BlackElo "2189"]

1. d4 d5 2. Nf3 Nf6 3. c4 c6 4. Nc3 dxc4 5. a4 Bf5 6. Ne5 e6 7. Nxc4 Bb4 8. Bg5
O-O 9. f3 c5 10. dxc5 Qxd1+ 11. Rxd1 Nd5 12. e4 Nxc3 13. bxc3 Bxc3+ 14. Kf2 Bg6
15. Nd6 Nc6 16. Nxb7 Rfb8 17. Bb5 Nd4 18. Ba6 e5 19. Rd3 Bb4 20. Be3 Ne6 21.
Rb3 Nc7 22. Rxb4 Nxa6 23. Rbb1 f6 24. c6 Rc8 25. Rhc1 Rc7 26. Nd6 Be8 27. Rb7
Kf8 28. Rxc7 Nxc7 29. Nb5 Nxb5 30. axb5 Ke7 31. Bc5+ Ke6 32. Ke3 g6 33. Rd1 Kf7
34. Rd6 Kg7 35. Kd2 Kf7 36. Kc3 f5 37. Kb4 a6 38. b6 a5+ 39. Ka3 1-0

[Event "Europa ch 2012 femenino"]
[Site "Gaziantep TUR"]
[Date "2012.03.02"]
[Round "1.29"]
[White "Tsiganova, Monika"]
[Black "Paikidze, Nazi"]
[Result "1/2-1/2"]
[PlyCount "83"]
[EventDate "2012.03.02"]
[EventType "swiss"]
[EventRounds "11"]
[EventCountry "TUR"]
[Source "lmi"]
[SourceDate "2012.03.02"]
[WhiteElo "2185"]
[BlackElo "2406"]

1. d4 Nf6 2. Nf3 d5 3. e3 e6 4. Bd3 c5 5. b3 Nc6 6. O-O Bd6 7. Bb2 Qc7 8. a3 b6
9. c4 cxd4 10. exd4 O-O 11. Qe2 Bb7 12. Nbd2 Rfe8 13. Ne5 dxc4 14. bxc4 Rad8
15. Ndf3 h6 16. Rad1 Bxe5 17. dxe5 Nd7 18. Qe4 Nf8 19. Qg4 Ba6 20. Rfe1 Ne7 21.
Nd4 Neg6 22. Nb5 Bxb5 23. cxb5 Rd7 24. Rc1 Qb8 25. Be4 Red8 26. Bc3 Rc7 27. Bc6
a5 28. Qe4 Ne7 29. Bd4 Nfg6 30. Rc3 Nf5 31. Be3 Nge7 32. g4 Nxe3 33. Qxe3 Nd5
34. Bxd5 Rxd5 35. a4 Rxc3 36. Qxc3 Rc5 37. Qd4 Rd5 38. Qc3 Rc5 39. Qd4 Qc7 40.
Re4 Rd5 41. Qe3 Kf8 42. Kg2 1/2-1/2

[Event "Europa ch 2012 femenino"]
[Site "Gaziantep TUR"]
[Date "2012.03.02"]
[Round "1.30"]
[White "Melia, Salome"]
[Black "Coimbra, Margarida"]
[Result "1-0"]
[PlyCount "147"]
[EventDate "2012.03.02"]
[EventType "swiss"]
[EventRounds "11"]
[EventCountry "TUR"]
[Source "lmi"]
[SourceDate "2012.03.02"]
[WhiteElo "2400"]
[BlackElo "2156"]

1. e4 e5 2. Nf3 Nc6 3. Bb5 a6 4. Ba4 Nf6 5. O-O b5 6. Bb3 Bc5 7. a4 Bb7 8. c3
d6 9. d4 Bb6 10. Bg5 h6 11. Bxf6 Qxf6 12. Bd5 O-O 13. Na3 exd4 14. cxd4 Rfb8
15. Nc2 bxa4 16. Rxa4 a5 17. Re1 Ne7 18. Bxb7 Rxb7 19. Ne3 Re8 20. Qc2 Rbb8 21.
Rd1 d5 22. e5 Qe6 23. Ne1 f6 24. exf6 Qxf6 25. Nf3 Rbd8 26. Ra3 Nc6 27. Ng4 Qf4
28. h3 Nxd4 29. Nxd4 Bxd4 30. g3 Qe4 31. Qxc7 Rc8 32. Qxa5 Rc2 33. Rad3 Bxb2
34. Re3 Qg6 35. Qxd5+ Kh7 36. Rxe8 Qxe8 37. Kg2 Qc6 38. Ne3 Qxd5+ 39. Rxd5 Rc7
40. h4 g6 41. h5 gxh5 42. Rxh5 Kg6 43. Rb5 Bd4 44. Nf5 Bf6 45. Ra5 Rc6 46. Ne3
Bd4 47. Nd5 Rc2 48. Nf4+ Kf7 49. Rf5+ Ke7 50. Nh3 Ke6 51. Rh5 Bg7 52. Kf3 Rc4
53. Nf4+ Kf6 54. Rb5 Rc6 55. Kg4 Bf8 56. Rf5+ Kg7 57. Nh5+ Kg8 58. f4 Rg6+ 59.
Kf3 Ra6 60. Rb5 Kf7 61. Rb7+ Kg6 62. Kg4 Ra4 63. Kh4 Re4 64. Rb6+ Kf7 65. Rf6+
Kg8 66. Kg4 Ra4 67. Kf5 Ra5+ 68. Kg6 Rb5 69. Rc6 Rb8 70. Rc7 Rb6+ 71. Nf6+
Rxf6+ 72. Kxf6 Bd6 73. Rd7 Bb4 74. Kg6 1-0

[Event "Europa ch 2012 femenino"]
[Site "Gaziantep TUR"]
[Date "2012.03.02"]
[Round "1.31"]
[White "Cherednichenko, Elena"]
[Black "Foisor, Cristina-Adela"]
[Result "0-1"]
[PlyCount "86"]
[EventDate "2012.03.02"]
[EventType "swiss"]
[EventRounds "11"]
[EventCountry "TUR"]
[Source "lmi"]
[SourceDate "2012.03.02"]
[WhiteElo "2130"]
[BlackElo "2398"]

1. d4 g6 2. Nf3 Bg7 3. Bf4 d6 4. e3 Nd7 5. h3 e5 6. Bg3 Nh6 7. dxe5 dxe5 8. Bh4
f6 9. e4 Qe7 10. Nc3 c6 11. Be2 Nf7 12. Nd2 O-O 13. O-O Nc5 14. Bg4 Rd8 15. Qe2
Bxg4 16. hxg4 Ne6 17. Nb3 Nd4 18. Nxd4 exd4 19. Nb1 Rd7 20. Nd2 Re8 21. f3 Qe6
22. Nb3 b6 23. Rad1 c5 24. Qa6 Ne5 25. Nd2 Bh6 26. b3 Bf4 27. Nc4 h5 28. gxh5
gxh5 29. Kf2 Rg7 30. Rh1 Ng6 31. Kf1 f5 32. Re1 Nxh4 33. Rxh4 Bg3 34. Rxh5 Bxe1
35. Kxe1 Qg6 36. Rh1 fxe4 37. f4 Qxg2 38. Rf1 d3 39. Rf2 Qg1+ 40. Rf1 Qg3+ 41.
Kd1 Qg2 42. Nd2 e3 43. Qc4+ Kf8 0-1

[Event "Europa ch 2012 femenino"]
[Site "Gaziantep TUR"]
[Date "2012.03.02"]
[Round "1.33"]
[White "De Seroux, Camille"]
[Black "Guramishvili, Sopiko"]
[Result "0-1"]
[PlyCount "90"]
[EventDate "2012.03.02"]
[EventType "swiss"]
[EventRounds "11"]
[EventCountry "TUR"]
[Source "lmi"]
[SourceDate "2012.03.02"]
[WhiteElo "2122"]
[BlackElo "2395"]

1. e4 c5 2. Nf3 d6 3. c3 Nf6 4. h3 Nc6 5. Bd3 g5 6. Bc2 g4 7. hxg4 Bxg4 8. d3
Qc7 9. Bf4 O-O-O 10. Nbd2 Rg8 11. Ba4 e5 12. Be3 Kb8 13. Qc2 Bxf3 14. gxf3 d5
15. exd5 Nxd5 16. O-O-O f5 17. Nb3 Nxe3 18. fxe3 Rg6 19. Rh5 Bh6 20. Rxh6 Rxh6
21. Nxc5 Ne7 22. d4 exd4 23. cxd4 Nd5 24. Qb3 Rb6 25. Qa3 f4 26. e4 Ne3 27. Rd3
Nc4 28. Qc3 Nxb2 29. Rd2 Nxa4 30. Nxa4 Rc6 31. Nc5 Qg7 32. Kb2 b6 33. Na6+ Kb7
34. Qd3 Rcd6 35. Qb5 Rxd4 36. Nc5+ Kb8 37. Na6+ Ka8 38. Qc6+ Qb7 39. Nc7+ Kb8
40. Qxb7+ Kxb7 41. Rc2 Rd2 42. Ne6 R8d3 43. Nxf4 Rxc2+ 44. Kxc2 Rxf3 45. Nd5 h5
0-1